00697nam a2200181 a 4500008004100000050001800041100002000059245006700079246002400146260002800170350000900198650001100207650002600218650002400244995009600268999001700364952013400381120416s1988 ||||||||||||||||| || u aHD 6940.7 Lab aSouthall, Roger10aLabour and unions in Asia and Africacedited by Roger Southall acontemporary issues aLondonbMacmillanc1988 a0.00 aLABOUR aLABOUR UNIONS--AFRICA aLABOUR UNIONS--ASIA D0.00FCBU-MAIN LIBRARY (Kitwe)H1I32.45M1UAVAILABLEZMain Library Open Access Collection c48732d48732 00102lcc4070a001b001cMain Library Open Access Collectiond2022-11-30l0oHD 6940.7 Labp003635r2022-11-30w2022-11-30y002